00358nam a2200157Ia 4500003000900000008004100009040001300050040001300063100001900076245004800095250001100143260001300154300000800167490000600175700001900181IT-RoPAU120407s9999 xx 000 0 und d aIT-RoPAU cIT-RoPAU aHadriano Simon aPraelectiones biblicae - Vetus Testamentum  aTorino aMarietti c cm v2 aR. P. J. Prado